Soạn thảo hợp đồng kinh tế
Hướng dẫn soạn thảo các điều khoản căn bản của hợp đồng kinh tế và một số chủng loại của hợp đồng kinh tế phổ biến trong hoạt động của các doanh nghiệp
Đã lưu trong:
| Hovedforfatter: | |
|---|---|
| Format: | Bog |
| Sprog: | Undetermined |
| Udgivet: |
Hà Nội
Thống kê
2000
|
| Fag: | |
| Tags: |
Tilføj Tag
Ingen Tags, Vær først til at tagge denne postø!
|
| Thư viện lưu trữ: | Trung tâm Học liệu Trường Đại học Cần Thơ |
|---|
| LEADER | 00807nam a2200205Ia 4500 | ||
|---|---|---|---|
| 001 | CTU_38396 | ||
| 008 | 210402s9999 xx 000 0 und d | ||
| 020 | |c 30000 | ||
| 082 | |a 346.02 | ||
| 082 | |b Qu106 | ||
| 100 | |a Nguyễn Quang | ||
| 245 | 0 | |a Soạn thảo hợp đồng kinh tế | |
| 245 | 0 | |c Nguyễn Quang, Anh Minh | |
| 260 | |a Hà Nội | ||
| 260 | |b Thống kê | ||
| 260 | |c 2000 | ||
| 520 | |a Hướng dẫn soạn thảo các điều khoản căn bản của hợp đồng kinh tế và một số chủng loại của hợp đồng kinh tế phổ biến trong hoạt động của các doanh nghiệp | ||
| 650 | |a contracts | ||
| 904 | |i Nguyễn Quang Điền, 001018 | ||
| 980 | |a Trung tâm Học liệu Trường Đại học Cần Thơ | ||